Study of the educational problems of college going students: a comparative study of higher, backward and scheduled cast students of Aligarh District (Record no. 21580)

MARC details
000 -LEADER
fixed length control field 00710nam a2200181Ia 4500
082 ## - DEWEY DECIMAL CLASSIFICATION NUMBER
Classification number TM.0472
100 ## - MAIN ENTRY--AUTHOR NAME
Personal name Mathai, M.Valsa.
245 #0 - TITLE STATEMENT
Title Study of the educational problems of college going students: a comparative study of higher, backward and scheduled cast students of Aligarh District
260 ## - PUBLICATION, DISTRIBUTION, ETC. (IMPRINT)
Year of publication 2004
Name of publisher Dr. B. R. Ambedkar University
300 ## - PHYSICAL DESCRIPTION
Number of Pages 461
504 ## - BIBLIOGRAPHY, ETC. NOTE
Bibliography, etc includes appendix
650 ## - SUBJECT ADDED ENTRY--TOPICAL TERM
Topical Term College students
Form subdivision India
-- Aligarh district
-- Attitudes
650 ## - SUBJECT ADDED ENTRY--TOPICAL TERM
Topical Term College students
Form subdivision India
-- Aligarh district
-- Economic conditions
650 ## - SUBJECT ADDED ENTRY--TOPICAL TERM
Topical Term College students
Form subdivision India
-- Aligarh district
-- Social conditions
650 ## - SUBJECT ADDED ENTRY--TOPICAL TERM
Topical Term Education, Higher
Form subdivision India
-- Aligarh
710 ## - ADDED ENTRY--CORPORATE NAME
Corporate name or jurisdiction name as entry element H. N. Singh
942 ## - ADDED ENTRY ELEMENTS (KOHA)
Koha item type Thesis
Source of classification or shelving scheme Dewey Decimal Classification
Holdings
Withdrawn status Lost status Damaged status Not for loan Home library Current library Date acquired Bill Date Full call number Accession Number Price effective from Koha item type
        NASSDOC Library NASSDOC Library 31/12/1899 2006-08-10 TM.0472 43647 18/04/2019 Thesis